000 00584nam a22001817a 4500
020 _a9789693501193
082 _a891.4393
_bALI
100 _aAli,Hijab Imtiaz
245 _aMeri Na-Tamam Muhabbat /
_cHijab Imtiaz Ali
260 _alahore:
_bSang e meel publication ,
_c 2011.
300 _a126 p.
_c25cm.
504 _aHB
650 _aAfsana
_9129539
880 _6100-01\(3\r
_aحجاب امتیاز علی/
880 _6245-02\(3\r
_aمیری ناتمام محبت/
880 _6260-03\(3\r
_aلاہور;
_bسنگِ میل پبلیکیشنز,
_c2011
942 _2ddc
_cBK
999 _c614172
_d614172